Great powers in a changing international order /

Bibliographic Details
Main Author: Bisley, Nick, 1973-
Format: Book
Language:English
Published: Boulder, Colo. : Lynne Rienner Publishers, [2012]
Subjects:

MARC

Tag First Indicator Second Indicator Subfields
LEADER 00000cam a2200000 a 4500
001 in00002690113
005 20151202151320.0
008 110729s2012 cou b 001 0 eng
010 |a  2011031585 
020 |a 9781588268334 (alk. paper) 
020 |a 1588268330 (alk. paper) 
035 |a (OCoLC)ocn745766024 
035 |a (OCoLC)745766024 
040 |a DLC  |c DLC  |d YDX  |d YDXCP  |d BWX  |d UtOrBLW 
042 |a pcc 
049 |a TXAM 
050 0 0 |a JZ1310  |b .B57 2012 
082 0 0 |a 327.1  |2 23 
100 1 |a Bisley, Nick,  |d 1973- 
245 1 0 |a Great powers in a changing international order /  |c Nick Bisley. 
264 1 |a Boulder, Colo. :  |b Lynne Rienner Publishers,  |c [2012] 
264 4 |c ©2012 
300 |a ix, 209 pages ;  |c 24 cm. 
336 |a text  |b txt  |2 rdacontent 
337 |a unmediated  |b n  |2 rdamedia 
338 |a volume  |b nc  |2 rdacarrier 
504 |a Includes bibliographical references and index. 
505 0 |a Great powers and world politics -- The origins of the great power role -- Confronting the twentieth century -- Great powers and the UN order -- The anachronism of the great powers -- The greatest power? -- The impact of the emerging powers -- Power and order in contemporary world politics. 
650 0 |a Great powers. 
650 0 |a International relations. 
938 |a YBP Library Services  |b YANK  |n 7060843 
938 |a Blackwell Book Service  |b BBUS  |n 7060843 
947 |a A14840533139 
945 |a PromptCat  |b 766741 
946 |a stk 
994 |a 92  |b TXA 
948 |a Cataloged  |b h  |c 2012/2/22  |d c  |e rsmith 
999 |a MARS 
999 f f |s d332bb72-c0dc-3023-9d3b-fe6f8c473f0e  |i f77c2dd8-b392-3eb1-bb8a-fb250438a71f  |t 0 
952 f f |p ric  |a Texas A&M University  |b Rellis Campus  |c Joint Library Facility  |d Remote Storage  |t 0  |e JZ1310 .B57 2012  |h Library of Congress classification  |i unmediated -- volume  |m A14840533139 
998 f f |a JZ1310 .B57 2012  |t 0  |l Remote Storage